Catálogo público

Proyecto de Cultivos y Exportaciones de Cítricos del Uruguay / (Record no. 172477)

MARC details
000 -CABECERA
campo de control de longitud fija 00783nam a2200265Ia 4500
001 - NÚMERO DE CONTROL
campo de control dia_1941
003 - IDENTIFICADOR DEL NÚMERO DE CONTROL
campo de control CHAP
005 - FECHA Y HORA DE LA ÚLTIMA TRANSACCIÓN
campo de control 20230502101323.0
008 - DATOS DE LONGITUD FIJA--INFORMACIÓN GENERAL
campo de control de longitud fija 220117s9999 xx 000 0 und d
010 ## - NÚMERO DE CONTROL DE LA BIBLIOTECA DEL CONGRESO
Número de control de LC 172477
040 ## - FUENTE DE LA CATALOGACIÓN
Centro/agencia transcriptor CHAP
082 ## - NÚMERO DE LA CLASIFICACIÓN DECIMAL DEWEY
Número de clasificación 633.61 G82
100 ## - ENTRADA PRINCIPAL--NOMBRE DE PERSONA
Nombre de persona Ickis, John C.
9 (RLIN) 151884
245 ## - MENCIÓN DE TÍTULO
Título Proyecto de Cultivos y Exportaciones de Cítricos del Uruguay /
Mención de responsabilidad, etc. por John C. Ickis
264 ## - PRODUCCIÓN, PUBLICACIÓN, DISTRIBUCIÓN, FABRICACIÓN Y COPYRIGHT
Fecha de producción, publicación, distribución, fabricación o copyright S.A.
300 ## - DESCRIPCIÓN FÍSICA
Extensión 15 p.
500 ## - NOTA GENERAL
Nota general Anexos
650 ## - PUNTO DE ACCESO ADICIONAL DE MATERIA--TÉRMINO DE MATERIA
Término de materia o nombre geográfico como elemento de entrada 1.Frutas cítricas
Subdivisión general Cultivo
-- Uruguay
9 (RLIN) 151885
650 ## - PUNTO DE ACCESO ADICIONAL DE MATERIA--TÉRMINO DE MATERIA
Término de materia o nombre geográfico como elemento de entrada Frutas cítricas
Subdivisión general Comercialización
-- Uruguay
9 (RLIN) 151886
650 ## - PUNTO DE ACCESO ADICIONAL DE MATERIA--TÉRMINO DE MATERIA
Término de materia o nombre geográfico como elemento de entrada Proyectos agroindustriales
9 (RLIN) 149917
901 ## - ELEMENTOS DE DATOS A LOCAL LDA (RLIN)
a 633.61 G82
902 ## - ELEMENTOS DE DATOS B LOCAL, LDB (RLIN)
a M
905 ## - ELEMENTOS DE DATOS E LOCAL, LDE (RLIN)
a 000000S.A. X 0000000000spa00
942 ## - ELEMENTOS DE PUNTO DE ACCESO ADICIONAL (KOHA)
Tipo de ítem Koha Libro
Fuente del sistema de clasificación o colocación Dewey Decimal Classification
Holdings
Estado de retiro Estado de pérdida Fuente del sistema de clasificación o colocación Estado dañado No para préstamo Código de colección Localización permanente Ubicación/localización actual Fecha de adquisición Información codificada de la localización en otra ubicación Total de préstamos Signatura topográfica completa Código de barras Fecha visto por última vez Número de copia Precio válido a partir de Tipo de ítem Koha
    Dewey Decimal Classification     General Ingenieria Agroindustrial Ingenieria Agroindustrial 18/01/2022 1   633.61 G82 dia_527 18/01/2022 1 18/01/2022 Libro